00538nam a2200181 a 45000010010000000030011000100080041000210350026000620820017000881000017001052450026001222600052001486500019002009420012002199520090002319980020003219990015003410000-9370ELIB.Books110520 1990  a(ELIB.Books)0000-9522 a270.09 bBow aBowden, John aWho's who in Theology bLondon: Student Christian Movement Press c1990 aChurch History 2ddccBK 00102ddc4070aKBTSbKBTSd2011-05-20l0p3624r2022-01-22 00:00:00w2022-01-22yBK cbate2011-05-20 c9370d9370